| 000 | 00421nam a22001577a 4500 | ||
|---|---|---|---|
| 003 | URS | ||
| 005 | 20220114171544.0 | ||
| 008 | 170324b xxu||||| |||| 00| 0 eng d | ||
| 020 | _a0675207533 | ||
| 050 |
_aHD30.28 _bD28 |
||
| 100 |
_aDavid, Fred R. _4author |
||
| 245 |
_aCases in strategic management _cFred R. David |
||
| 260 |
_aColumbus, Ohio _bMerrill _c1986 |
||
| 300 |
_aviii, 501 pages; _c24 cm. |
||
| 942 |
_cFR _2lcc |
||
| 999 |
_c14124 _d14124 |
||